Statistics for Best Countries To Be Born In

Click here to take the quiz!

General Stats

  • This quiz has been taken 38,562 times
  • The average score is 16 of 20

Answer Stats

ScoreCountry% Correct
7.38United States
98%
7.81Canada
94%
8.02Sweden
94%
8.09Norway
93%
7.38Germany
92%
7.76Finland
90%
8.12Australia
89%
8.01Denmark
88%
8.22Switzerland
86%
7.21Italy
84%
7.95New Zealand
83%
7.94Netherlands
81%
7.73Austria
78%
7.51Belgium
77%
7.74Ireland
75%
7.25South Korea
64%
8.00Singapore
62%
7.33United Arab Emirates
44%
7.67Taiwan
42%
7.23Israel
36%

Score Distribution

Percentile by Number Answered

Percent of People with Each Score

Your Score History

You have not taken this quiz